Nagyon fontos lenne a szemléletváltás néhány megjegyzés Albert Sándor: Az oktatás időszerű problémái című írásához

Bibliographic Details
Main Author: Halászová, Anita, 1966- (Author)
Format: Article
Language:Hungarian
Subjects:

MARC

LEADER 00000nab a2200000 a 4500
001 vtls000777572
003 SK-MaSNL
005 20260319074853.0
008 160405c2001 xo 0 hun
015 |a SNBRB2001/12-36082 
035 |a CLN000129356 
040 |a SNKBUCL  |b slo  |c SNKBUCL  |e AACR2 
041 0 |a hun 
044 |a xo  |c SK 
080 |a 37.014(437.6)  |2 1997 
100 1 |a Halászová, Anita,  |d 1966-  |4 aut  |9 217230 
245 1 0 |a Nagyon fontos lenne a szemléletváltás  |b néhány megjegyzés Albert Sándor: Az oktatás időszerű problémái című írásához  |c Halász Anita 
650 0 7 |a školstvo  |x výchova  |x vzdelávanie  |z Slovensko  |2 snkbucl  |9 846800 
655 7 |a články z novín a časopisov  |2 snkbucl  |9 267496 
773 0 |t Új szó  |g Roč. 54, č. 258 (9.11.2001) 
773 0 |t [Príl.] Gondolat  |g Roč. 1, č. 3 (2001), s. 3 
850 |a Slovenská národná knižnica v Martine 
852 |a SNK  |b KIS3GCP 
958 |a HU 
958 |a SK 
958 |a RBX 
999 |c 1363545  |d 1365475